01449cam a22002654a 450000100090000000300040000900500170001300800410003001000170007102000280008804000180011604200080013404300120014208200160015424500840017026000730025430000270032750400660035450505650042065000350098565100430102070000200106370000220108385600780110513695181OSt20230620121445.0040823s2004 enk b 001 0 eng  a 2004020005 a075464278X (alk. paper) aDLCcDLCdDLC apcc afe-----00a320.96bKAI00aDemocratic transitions in East Africa /cby Paul J. Kaiser and F. Wafula Okumu. aAldershot, Hants, England ;aBurlington, VT, USA :bAshgate,cc2004. axiii, 229 p. ;c24 cm. aIncludes bibliographical references (p. [210]-215) and index.0 aThe challenge of democratic transition in East Africa / Paul J. Kaiser and F. Wafula Okumu -- The history of an ideal / Thomas Burgess -- Political parties and party systems / Dean E. McHenry, Jr. -- Political leadership / Joshua B. Rubongoya -- Constitutional reform / Stephen Ndegwa and Ryan E. Letourneau -- Civil society / Samuel A. Nyanchoga -- Structural adjustment and economic reform / Stephen F. Burgess -- International context / Bruce Heilman and Laurean Ndumbaro -- The crisis of legitimacy, representation, and state hegemony / Earl Conteh-Morgan. 0aDemocratizationzAfrica, East. 0aAfrica, EastxPolitics and government.1 aKaiser, Paul J.1 aOkumu, F. Wafula.413Table of contentsuhttp://www.loc.gov/catdir/toc/ecip0422/2004020005.html